| Поле | Инд. | ПП | Название | Значение |
|---|---|---|---|---|
| Тип записи | a | |||
| Библиографический уровень | b | |||
| 001 | Контрольный номер | RU/IS/BASE/253724141 | ||
| 005 | Дата корректировки | 20220715140329.8 | ||
| 008 | Кодируемые данные | 20080115 | ||
| 040 | b | Код языка каталог. | rus | |
| e | Правила каталог. | PSBO | ||
| 041 | 0_ | a | Код языка текста | rus |
| 084 | a | Индекс другой классификации/Индекс ББК | 66.4(0),04 | |
| 100 | 1_ | a | Автор | Пузырев Д. А. |
| q | Полное имя | Пузырев Дмитрий Александрович | ||
| 245 | 10 | a | Заглавие | Религиозный фактор в международных отношениях |
| 504 | a | Библиография | Библиогр. ссылки. - Примеч. | |
| 650 | a | Основная рубрика | международные отношения | |
| a | Основная рубрика | политика | ||
| 653 | 1_ | a | Ключевые слова | внешняя политика |
| a | Ключевые слова | внутренняя политика | ||
| a | Ключевые слова | джихад | ||
| a | Ключевые слова | евангелизм | ||
| a | Ключевые слова | ислам (мусульманство) | ||
| a | Ключевые слова | исламский фундаментализм | ||
| a | Ключевые слова | международный терроризм | ||
| a | Ключевые слова | протестантизм | ||
| a | Ключевые слова | религиозные войны | ||
| a | Ключевые слова | религиозные факторы политики | ||
| a | Ключевые слова | религия | ||
| a | Ключевые слова | свобода вероисповедания | ||
| a | Ключевые слова | США | ||
| a | Ключевые слова | христианство | ||
| 773 | 0_ | t | Заглавие источника | Вестник Московского университета. Серия 18, Социология и политология |
| d | Дата издания источника | 2007 | ||
| g | Прочая информация | № 2. - С. 72 - 87 | ||
| w | Контрольный № источника | RU/IS/BASE/242834490 | ||
| 901 | t | Тип документа | b |